000 00660nam a22002417a 4500
003 UA-OsUOA
001 127600
007 ta
008 20171205b un ||||| |||| 00| 0 ukr d
100 _aМойсієнко А.
090 _a821.161.2
_bМ74
942 _cBK
040 _aUA-OsUOA
_bukr
_cUA-OsUOA
_dUA-OsUOA
245 _aТрадиції модерну і модерн традицій
300 _a80 с.
955 _a2
041 _aukr
080 _a821.161.2
020 _a966-7725-38-3
260 _aУжгород
_bПатент
_c2001
650 7 _a82 Література. Літературознавство
_2UDC
999 _c414906
_d414906